You Give Love A Bad Name - Bon Jovi - All Lyrics - Statistics

General Stats
  • This quiz has been taken 423 times
  • The average score is 252 of 297
Answer Stats
Answer % Correct
a
100%
A
100%
you
100%
You
100%
bad
99%
(Bad
99%
love
99%
love,
99%
name
99%
name)
99%
Oh,
99%
Woah,
99%
woah
99%
(Woah)
99%
yeah
99%
Yeah,
99%
An
98%
give
98%
the
98%
to
98%
your
98%
Your
98%
and
96%
heart
95%
Shot
92%
shot
92%
blame
91%
through
91%
you're
91%
I
89%
me
75%
me,
75%
is
74%
on
72%
Darling,
70%
No
70%
my
68%
play
67%
can
66%
game
66%
what
65%
heaven,
62%
hell
62%
put
60%
smile
60%
done
59%
gun,
59%
gun
59%
part
59%
angel's
58%
one
58%
run
57%
there's
57%
damage
56%
promised
56%
save
56%
got
54%
loaded
54%
nowhere
54%
so
54%
can't
53%
then
53%
break
50%
hold
50%
fingertips
49%
free
48%
kiss
48%
lips
48%
first
46%
goodbye
46%
was
45%
nails
43%
prison,
42%
red
42%
Blood
41%
of
41%
very
39%
act
38%
When
38%
shy
36%
school
31%
boy's
30%
dream,
30%
sell
28%
passion's
26%
Chains
21%
Paint
21%
No matching quizzes found
Score Distribution
Percent of People with Each Score
Percentile by Number Answered
Your Score History
You have not taken this quiz